Nothing but the truth / (Record no. 4699)
[ view plain ]
| 000 -LEADER | |
|---|---|
| fixed length control field | 00748nam a22002537a 4500 |
| 001 - CONTROL NUMBER | |
| control field | 4699 |
| 003 - CONTROL NUMBER IDENTIFIER | |
| control field | FISKH |
| 005 - DATE AND TIME OF LATEST TRANSACTION | |
| control field | 20240923102001.0 |
| 008 - FIXED-LENGTH DATA ELEMENTS--GENERAL INFORMATION | |
| fixed length control field | 240923b cb ||||| |||| 00| 0 eng d |
| 020 ## - INTERNATIONAL STANDARD BOOK NUMBER | |
| International Standard Book Number | 9780380719075 |
| 040 ## - CATALOGING SOURCE | |
| Original cataloging agency | FISKH |
| Language of cataloging | eng |
| Transcribing agency | FISKH |
| Modifying agency | FISKH |
| 050 ## - LIBRARY OF CONGRESS CALL NUMBER | |
| Classification number | PZ7.A953 |
| 082 ## - DEWEY DECIMAL CLASSIFICATION NUMBER | |
| Edition number | 813 |
| 100 ## - MAIN ENTRY--PERSONAL NAME | |
| Personal name | Avi |
| Dates associated with a name | 1937- |
| 245 ## - TITLE STATEMENT | |
| Title | Nothing but the truth / |
| Statement of responsibility, etc. | Avi |
| 250 ## - EDITION STATEMENT | |
| Edition statement | First printing in 1993 |
| 260 ## - PUBLICATION, DISTRIBUTION, ETC. | |
| Place of publication, distribution, etc. | New York : |
| Name of publisher, distributor, etc. | An Avon Flare Book, |
| Date of publication, distribution, etc. | 1993. |
| 300 ## - PHYSICAL DESCRIPTION | |
| Extent | 212 pages : |
| Dimensions | 18cm |
| 520 ## - SUMMARY, ETC. | |
| Summary, etc. | A ninth-grader's suspension for singing "The Star-Spangled Banner" during homeroom becomes a national news story. |
| 650 ## - SUBJECT ADDED ENTRY--TOPICAL TERM | |
| Source of heading or term | Patriotism |
| Topical term or geographic name entry element | Young adult |
| 650 ## - SUBJECT ADDED ENTRY--TOPICAL TERM | |
| Source of heading or term | Realistic fiction |
| Topical term or geographic name entry element | Newbery |
| 942 ## - ADDED ENTRY ELEMENTS (KOHA) | |
| Source of classification or shelving scheme | Dewey Decimal Classification |
| Koha item type | Books |
| Suppress in OPAC | No |
| Withdrawn status | Lost status | Source of classification or shelving scheme | Damaged status | Not for loan | Collection | Home library | Current library | Shelving location | Date acquired | Total Checkouts | Full call number | Barcode | Date last seen | Copy number | Price effective from | Koha item type |
|---|---|---|---|---|---|---|---|---|---|---|---|---|---|---|---|---|
| Dewey Decimal Classification | Fiction | Footprints International School Library Network Toul Kork Campus | Footprints International School Library Network Toul Kork Campus | TTP Secondary Fiction Bookshelves | 09/23/2024 | AVI 813 PZ7.A953 | 2024-2060 | 09/23/2024 | 1 | 09/23/2024 | Books |
